| 000 | 00635nam a22001937a 4500 | ||
|---|---|---|---|
| 003 | PILC | ||
| 005 | 20150905084956.0 | ||
| 008 | 150608b xxu||||| |||| 00| 0 eng d | ||
| 020 | _a9789712367274 | ||
| 050 |
_aLB 1051.A2 _b.B223 2014 |
||
| 100 | _aBaraceros, Esther L. | ||
| 245 |
_aImproving students' study skills and reading or thinking strategies / _cEsther L. Baraceros. |
||
| 260 |
_aManila : _bRex Book Store, _c2014 |
||
| 300 |
_ax, 272 pages : _billusrations ; _c22 cm. |
||
| 500 | _aIncludes bibliographical references and index. | ||
| 650 | _aTeaching methods. | ||
| 650 | _aReading strategies. | ||
| 942 |
_2lcc _cBK _kLOC |
||
| 999 |
_c284796 _d284796 |
||